[Event "Benidorm - Aficionados sub-2300 2014"]
[Site "Benidorm ESP"]
[Date "2014.12.06"]
[Round "9.2"]
[White "Kultiyasov, Mikhail"]
[Black "Amdouni, Zoubaier"]
[Result "0-1"]
[WhiteElo "2228"]
[BlackElo "2291"]
[PlyCount "87"]
[EventDate "2014.11.28"]
[EventType "swiss"]
[EventRounds "10"]
[EventCountry "ESP"]
[SourceTitle "Ajedrez en Madrid"]
[Source "lmi"]
[SourceDate "2014.11.28"]

1. e4 c5 2. Nf3 Nc6 3. d4 cxd4 4. Nxd4 Nf6 5. Nc3 e5 6. Ndb5 d6 7. Bg5 a6 8.
Na3 b5 9. Nd5 Qa5+ 10. Bd2 Qd8 11. Bg5 Qa5+ 12. Bd2 Qd8 13. c4 Nd4 14. Bd3 Nxd5
15. exd5 g6 16. cxb5 Bg7 17. Nc2 Nxb5 18. a4 Nc7 19. Ba5 Bb7 20. Bc4 O-O 21.
O-O Qe7 22. Qd2 Rfc8 23. Nb4 Ne6 24. Nc6 Qd7 25. Rac1 Nf4 26. Rfd1 Bh6 27. Kh1
Kg7 28. Qc3 Bxc6 29. dxc6 Qxc6 30. f3 Qxa4 31. b3 Qc6 32. Qe1 Ne6 33. Ra1 Nd4
34. Ra2 Re8 35. Qe4 Qc5 36. Be1 Nb5 37. Rd5 Qc7 38. Ba5 Qc8 39. Qd3 Qf5 40. Qd1
Rac8 41. Bb4 Rc6 42. Re2 Rec8 43. Bxd6 Nxd6 44. Rdxe5 0-1

[Event "Benidorm - Aficionados sub-2300 2014"]
[Site "Benidorm ESP"]
[Date "2014.12.06"]
[Round "9.3"]
[White "Vaarala, Eric"]
[Black "Olhovik, Andrei"]
[Result "1/2-1/2"]
[WhiteElo "2274"]
[BlackElo "2270"]
[PlyCount "103"]
[EventDate "2014.11.28"]
[EventType "swiss"]
[EventRounds "10"]
[EventCountry "ESP"]
[SourceTitle "Ajedrez en Madrid"]
[Source "lmi"]
[SourceDate "2014.11.28"]

1. b3 e5 2. Bb2 Nc6 3. e3 Nf6 4. Bb5 Bd6 5. Nf3 e4 6. Nd4 Nxd4 7. Bxd4 Qe7 8.
O-O Be5 9. Bxe5 Qxe5 10. Nc3 c6 11. Be2 d5 12. f4 exf3 13. Bxf3 Bf5 14. Ne2 O-O
15. Nd4 Bg6 16. b4 a5 17. a3 Qd6 18. c3 b6 19. Be2 c5 20. bxc5 bxc5 21. Nf5 Qe6
22. Bd3 Rab8 23. Rb1 Ne4 24. Rxb8 Rxb8 25. Bxe4 Qxe4 26. Ng3 Qd3 27. h4 h6 28.
Qf3 Rb1 29. Rxb1 Qxb1+ 30. Kh2 Qb3 31. Nf5 Qb8+ 32. Kh3 Qe5 33. Ng3 Bd3 34. Qg4
Kh7 35. Kh2 g6 36. Qf4 Qe7 37. Kg1 c4 38. Kf2 h5 39. Ne2 Kg8 40. Qd4 Qxa3 41.
Nf4 Qc1 42. Nxd5 Qxd2+ 43. Kg3 Qe1+ 44. Kh2 Qf2 45. Nf6+ Kf8 46. Nh7+ Kg8 47.
Nf6+ Kf8 48. Nh7+ Kg8 49. Nf6+ Kf8 50. Qd8+ Kg7 51. Ne8+ Kh7 52. Qd4 1/2-1/2

[Event "Benidorm - Aficionados sub-2300 2014"]
[Site "Benidorm ESP"]
[Date "2014.12.06"]
[Round "9.4"]
[White "Gromovs, Sergejs"]
[Black "Jimenez Martinez, Jose Vicente"]
[Result "1-0"]
[WhiteElo "2255"]
[BlackElo "2257"]
[PlyCount "53"]
[EventDate "2014.11.28"]
[EventType "swiss"]
[EventRounds "10"]
[EventCountry "ESP"]
[SourceTitle "Ajedrez en Madrid"]
[Source "lmi"]
[SourceDate "2014.11.28"]

1. d4 g6 2. e4 d6 3. Nc3 Bg7 4. Bg5 c5 5. d5 Qa5 6. Bd2 Nf6 7. f4 a6 8. Nf3 Bg4
9. h3 Bd7 10. e5 Nh5 11. g4 Nxf4 12. Bxf4 Qb4 13. Qd2 h5 14. g5 Qxb2 15. Rb1
Qa3 16. Rxb7 O-O 17. Be2 Bf5 18. Bd3 Nd7 19. Bxf5 Nxe5 20. Bxe5 dxe5 21. Be4 f5
22. gxf6 Rxf6 23. O-O Raf8 24. Rxe7 c4 25. Re6 Rf4 26. d6 g5 27. d7 1-0

[Event "Benidorm - Aficionados sub-2300 2014"]
[Site "Benidorm ESP"]
[Date "2014.12.06"]
[Round "9.5"]
[White "Pena Riasco, Alexander"]
[Black "Sanchez Jerez, Emilio Miguel"]
[Result "0-1"]
[WhiteElo "2180"]
[BlackElo "2258"]
[PlyCount "82"]
[EventDate "2014.11.28"]
[EventType "swiss"]
[EventRounds "10"]
[EventCountry "ESP"]
[SourceTitle "Ajedrez en Madrid"]
[Source "lmi"]
[SourceDate "2014.11.28"]

1. e4 Nc6 2. Nc3 e6 3. g3 d5 4. Bg2 d4 5. Nb1 d3 6. c3 Nf6 7. b3 Bc5 8. Na3 e5
9. h3 Be6 10. Qf3 Qd7 11. g4 h5 12. g5 Nh7 13. h4 O-O-O 14. Nc4 f6 15. Qg3 Bxc4
16. bxc4 Kb8 17. Bh3 Qe7 18. g6 Nf8 19. Nf3 Ne6 20. Nh2 Na5 21. Nf1 Nxc4 22.
Ne3 Bxe3 23. fxe3 Nc5 24. Qf3 Rd6 25. Kf2 Ra6 26. Kg3 Qe8 27. Bf5 Qc6 28. Kh3
b5 29. Rd1 Ra4 30. Rf1 a6 31. Kh2 Kb7 32. Qh3 Kb6 33. Qf3 Rh6 34. Rg1 Nd6 35.
Kh3 Ncxe4 36. Rf1 Nxf5 37. Qxf5 Nd6 38. Qxd3 Qd7+ 39. Kg2 Rg4+ 40. Kh2 Rxh4+
41. Kg1 Rg4+ 0-1

[Event "Benidorm - Aficionados sub-2300 2014"]
[Site "Benidorm ESP"]
[Date "2014.12.06"]
[Round "9.6"]
[White "Mora Menezo, Jesus"]
[Black "Buenafe Moya, Javier"]
[Result "0-1"]
[WhiteElo "2181"]
[BlackElo "2256"]
[PlyCount "86"]
[EventDate "2014.11.28"]
[EventType "swiss"]
[EventRounds "10"]
[EventCountry "ESP"]
[SourceTitle "Ajedrez en Madrid"]
[Source "lmi"]
[SourceDate "2014.11.28"]

1. e4 e5 2. Nf3 Nc6 3. Bb5 Bc5 4. O-O Nf6 5. c3 a6 6. Ba4 b5 7. Bb3 d6 8. d4
Ba7 9. h3 O-O 10. Re1 Re8 11. a4 Bb7 12. d5 Ne7 13. Nbd2 c6 14. dxc6 Bxc6 15.
Qc2 Ng6 16. Nf1 Nh5 17. axb5 axb5 18. Bg5 Qd7 19. Rad1 Nhf4 20. Kh2 Bc5 21. Ne3
b4 22. Bxf4 Nxf4 23. Nd5 Nxd5 24. Bxd5 bxc3 25. bxc3 Ba4 26. Bb3 Bxb3 27. Qxb3
Bxf2 28. Re2 Bc5 29. Rf1 h6 30. Nh4 Ra3 31. Qc2 Rc8 32. Rf3 g6 33. Qd2 Kg7 34.
Re1 Qe6 35. Ref1 Rc7 36. Qe1 d5 37. Kh1 d4 38. cxd4 Rxf3 39. Rxf3 Bxd4 40. Rf1
Rc3 41. Nf3 Re3 42. Qb1 g5 43. Re1 Rxf3 0-1

[Event "Benidorm - Aficionados sub-2300 2014"]
[Site "Benidorm ESP"]
[Date "2014.12.06"]
[Round "9.8"]
[White "Jackson, Oliver A"]
[Black "Jordan Martinez, Miguel"]
[Result "0-1"]
[WhiteElo "2146"]
[BlackElo "2236"]
[PlyCount "61"]
[EventDate "2014.11.28"]
[EventType "swiss"]
[EventRounds "10"]
[EventCountry "ESP"]
[SourceTitle "Ajedrez en Madrid"]
[Source "lmi"]
[SourceDate "2014.11.28"]

1. e4 e6 2. d4 d5 3. Nc3 Nf6 4. e5 Nfd7 5. f4 c5 6. Nf3 Nc6 7. Bd3 Nxd4 8. Nxd4
cxd4 9. Ne2 Qb6 10. O-O g6 11. Kh1 Be7 12. b3 Nc5 13. Bb2 Nxd3 14. Qxd3 Bd7 15.
Nxd4 O-O 16. a4 Rac8 17. Rae1 Bxa4 18. g4 a6 19. f5 exf5 20. gxf5 Bb5 21. Qd2
Bxf1 22. Rxf1 Rfe8 23. e6 fxe6 24. Nxe6 Bf8 25. Nxf8 Qb5 26. Qg2 Rxf8 27. c4
dxc4 28. fxg6 Rxf1+ 29. Qxf1 Qc6+ 30. Kg1 Qxg6+ 31. Qg2 0-1

[Event "Benidorm - Aficionados sub-2300 2014"]
[Site "Benidorm ESP"]
[Date "2014.12.06"]
[Round "9.10"]
[White "Cappon, John"]
[Black "Fernandez Rubio, Rafael"]
[Result "0-1"]
[WhiteElo "2216"]
[BlackElo "2029"]
[PlyCount "74"]
[EventDate "2014.11.28"]
[EventType "swiss"]
[EventRounds "10"]
[EventCountry "ESP"]
[SourceTitle "Ajedrez en Madrid"]
[Source "lmi"]
[SourceDate "2014.11.28"]

1. e4 e5 2. Nf3 Nc6 3. Bc4 Bc5 4. c3 Nf6 5. d3 d6 6. O-O O-O 7. Nbd2 a6 8. Bb3
Bg4 9. h3 Bh5 10. Re1 Re8 11. Nf1 Bg6 12. Bg5 h6 13. Be3 Nd7 14. Ng3 Bxe3 15.
Rxe3 Nc5 16. Bc2 Ne6 17. Nh2 Nf4 18. Ne2 d5 19. Nxf4 exf4 20. Re1 dxe4 21. dxe4
Qxd1 22. Raxd1 Rad8 23. f3 f6 24. Nf1 Ne5 25. b3 Bf7 26. Kf2 c5 27. Ke2 Kf8 28.
Rxd8 Rxd8 29. Rd1 Rxd1 30. Kxd1 Ke7 31. Ke2 Kd6 32. Nd2 b5 33. Bd1 a5 34. Nb1
c4 35. Kd2 Kc5 36. Na3 b4 37. Nc2 cxb3 0-1

[Event "Benidorm - Aficionados sub-2300 2014"]
[Site "Benidorm ESP"]
[Date "2014.12.06"]
[Round "9.13"]
[White "Aracil Serra, Javier"]
[Black "Ibañez Aullana, Ramon"]
[Result "1/2-1/2"]
[WhiteElo "2174"]
[BlackElo "2268"]
[PlyCount "46"]
[EventDate "2014.11.28"]
[EventType "swiss"]
[EventRounds "10"]
[EventCountry "ESP"]
[SourceTitle "Ajedrez en Madrid"]
[Source "lmi"]
[SourceDate "2014.11.28"]

1. Nf3 Nf6 2. g3 g6 3. Bg2 Bg7 4. O-O O-O 5. d4 d6 6. Nc3 c6 7. a4 a5 8. e4 Bg4
9. h3 Bxf3 10. Bxf3 e5 11. Be3 Qe7 12. Bg2 Na6 13. Qd2 Nb4 14. Rad1 Nd7 15.
dxe5 Nxe5 16. b3 Bf6 17. Qe2 Rfe8 18. Bd4 c5 19. Bxe5 Qxe5 20. Nb5 Rad8 21. c3
Nc6 22. f4 Qe7 23. Qc4 Rd7 1/2-1/2

[Event "Benidorm - Aficionados sub-2300 2014"]
[Site "Benidorm ESP"]
[Date "2014.12.06"]
[Round "9.14"]
[White "Goormachtigh, Johan"]
[Black "Cano Gimenez, Vicente"]
[Result "1/2-1/2"]
[WhiteElo "2152"]
[BlackElo "2265"]
[PlyCount "26"]
[EventDate "2014.11.28"]
[EventType "swiss"]
[EventRounds "10"]
[EventCountry "ESP"]
[SourceTitle "Ajedrez en Madrid"]
[Source "lmi"]
[SourceDate "2014.11.28"]

1. d4 Nf6 2. c4 c5 3. d5 b5 4. cxb5 a6 5. bxa6 g6 6. Na3 Bxa6 7. Nf3 Bg7 8. g3
d6 9. Bg2 Nfd7 10. h4 h6 11. h5 g5 12. Qc2 Nb6 13. Nd2 N8d7 1/2-1/2

[Event "Benidorm - Aficionados sub-2300 2014"]
[Site "Benidorm ESP"]
[Date "2014.12.06"]
[Round "9.20"]
[White "Ridameya Tatche, Jose Miguel"]
[Black "Ayza Leon, David"]
[Result "1/2-1/2"]
[WhiteElo "2012"]
[BlackElo "2199"]
[PlyCount "36"]
[EventDate "2014.11.28"]
[EventType "swiss"]
[EventRounds "10"]
[EventCountry "ESP"]
[SourceTitle "Ajedrez en Madrid"]
[Source "lmi"]
[SourceDate "2014.11.28"]

1. e4 c5 2. Nf3 Nc6 3. Bb5 e6 4. Bxc6 bxc6 5. e5 Ne7 6. d3 Ng6 7. c4 Qc7 8. Qe2
f6 9. exf6 gxf6 10. Nc3 Nf4 11. Bxf4 Qxf4 12. Qe4 Qxe4+ 13. dxe4 Rg8 14. g3 Bb7
15. O-O-O O-O-O 16. Kc2 d5 17. Nd2 Kc7 18. Rhe1 dxc4 1/2-1/2

[Event "Benidorm - Aficionados sub-2300 2014"]
[Site "Benidorm ESP"]
[Date "2014.12.06"]
[Round "9.21"]
[White "Besga Lopez, Jose Angel"]
[Black "Van Hoolandt, Patrick"]
[Result "1/2-1/2"]
[WhiteElo "2068"]
[BlackElo "2180"]
[PlyCount "44"]
[EventDate "2014.11.28"]
[EventType "swiss"]
[EventRounds "10"]
[EventCountry "ESP"]
[SourceTitle "Ajedrez en Madrid"]
[Source "lmi"]
[SourceDate "2014.11.28"]

1. e4 e5 2. Nf3 Nc6 3. d4 exd4 4. Bc4 Bc5 5. O-O d6 6. b4 Bb6 7. a4 a6 8. a5
Ba7 9. b5 axb5 10. Bxb5 Nge7 11. Nxd4 O-O 12. Nxc6 Nxc6 13. Bb2 Qg5 14. Bxc6
bxc6 15. Ra3 f6 16. Rg3 Qxa5 17. Qf3 Kh8 18. Bc3 Qc5 19. Nd2 Bd7 20. Nb3 Qc4
21. Ra1 Qf7 22. h4 Bb6 1/2-1/2

[Event "Benidorm - Aficionados sub-2300 2014"]
[Site "Benidorm ESP"]
[Date "2014.12.06"]
[Round "9.24"]
[White "Riquelme Valero, Manuel Damian"]
[Black "Renteria, Jorge"]
[Result "1/2-1/2"]
[WhiteElo "2099"]
[BlackElo "2253"]
[PlyCount "22"]
[EventDate "2014.11.28"]
[EventType "swiss"]
[EventRounds "10"]
[EventCountry "ESP"]
[SourceTitle "Ajedrez en Madrid"]
[Source "lmi"]
[SourceDate "2014.11.28"]

1. d4 d5 2. c4 c6 3. Nf3 Nf6 4. Nc3 g6 5. Bg5 Ne4 6. Bf4 Nxc3 7. bxc3 dxc4 8.
e3 Bg7 9. Bxc4 O-O 10. O-O Nd7 11. Qc2 Qa5 1/2-1/2

[Event "Benidorm - Aficionados sub-2300 2014"]
[Site "Benidorm ESP"]
[Date "2014.12.06"]
[Round "9.25"]
[White "Bendayan Claros, Aaron"]
[Black "Gonzalez Aguirre, Luis"]
[Result "1/2-1/2"]
[WhiteElo "2233"]
[BlackElo "2098"]
[PlyCount "30"]
[EventDate "2014.11.28"]
[EventType "swiss"]
[EventRounds "10"]
[EventCountry "ESP"]
[SourceTitle "Ajedrez en Madrid"]
[Source "lmi"]
[SourceDate "2014.11.28"]

1. d4 d5 2. Nf3 Nf6 3. c4 e6 4. Nc3 Bb4 5. Qa4+ Nc6 6. a3 Bxc3+ 7. bxc3 Bd7 8.
Qc2 h6 9. Bf4 dxc4 10. e4 Na5 11. Nd2 b5 12. g3 O-O 13. Bg2 Bc6 14. O-O a6 15.
Rfe1 Qd7 1/2-1/2

[Event "Benidorm - Aficionados sub-2300 2014"]
[Site "Benidorm ESP"]
[Date "2014.12.06"]
[Round "9.31"]
[White "De Reymaeker, Walter"]
[Black "Nieves Cabanes, Javier"]
[Result "0-1"]
[WhiteElo "1942"]
[BlackElo "2149"]
[PlyCount "56"]
[EventDate "2014.11.28"]
[EventType "swiss"]
[EventRounds "10"]
[EventCountry "ESP"]
[SourceTitle "Ajedrez en Madrid"]
[Source "lmi"]
[SourceDate "2014.11.28"]

1. e4 c5 2. Nc3 e6 3. f4 a6 4. g3 d5 5. d3 Nc6 6. Bg2 Nf6 7. e5 Nd7 8. Nf3 Be7
9. O-O O-O 10. Kh1 b5 11. Ne2 Qb6 12. c3 a5 13. d4 b4 14. Be3 Ba6 15. Re1 a4
16. f5 a3 17. bxa3 bxc3 18. dxc5 Bxc5 19. Bxc5 Nxc5 20. Rb1 Qa7 21. Ned4 Nd3
22. Qa4 Nxd4 23. Nxd4 c2 24. Rbc1 Rfc8 25. fxe6 fxe6 26. Bh3 Nf2+ 27. Kg2 Nxh3
28. Kxh3 Rc4 0-1

[Event "Benidorm - Aficionados sub-2300 2014"]
[Site "Benidorm ESP"]
[Date "2014.12.06"]
[Round "9.33"]
[White "Longa Yauca, Javier"]
[Black "Megias Ortiz, Vicente Manuel"]
[Result "1-0"]
[WhiteElo "2284"]
[BlackElo "2049"]
[PlyCount "54"]
[EventDate "2014.11.28"]
[EventType "swiss"]
[EventRounds "10"]
[EventCountry "ESP"]
[SourceTitle "Ajedrez en Madrid"]
[Source "lmi"]
[SourceDate "2014.11.28"]

1. d4 d5 2. Nf3 c6 3. e3 Bg4 4. c4 Bxf3 5. gxf3 e6 6. Qb3 Qb6 7. c5 Qc7 8. Nc3
g6 9. f4 f5 10. Bd2 Nd7 11. Qa4 Ne7 12. b4 Bg7 13. b5 Kf7 14. Rb1 h6 15. Be2
Nf6 16. Nd1 g5 17. Nb2 gxf4 18. exf4 Ne4 19. Bh5+ Kg8 20. Nd3 Nxd2 21. Kxd2
cxb5 22. Qxb5 Bxd4 23. Qxb7 Rc8 24. Ke2 Nc6 25. Rhg1+ Kf8 26. Rg6 Nd8 27. Qb4
Qc6 1-0

[Event "Benidorm - Aficionados sub-2300 2014"]
[Site "Benidorm ESP"]
[Date "2014.12.06"]
[Round "9.36"]
[White "Fernandez Seco, Julian"]
[Black "Montalban Galvez, Antoni"]
[Result "0-1"]
[WhiteElo "2036"]
[BlackElo "2192"]
[PlyCount "72"]
[EventDate "2014.11.28"]
[EventType "swiss"]
[EventRounds "10"]
[EventCountry "ESP"]
[SourceTitle "Ajedrez en Madrid"]
[Source "lmi"]
[SourceDate "2014.11.28"]

1. Nf3 Nf6 2. g3 g6 3. Bg2 Bg7 4. O-O O-O 5. d3 d5 6. h3 c5 7. Nbd2 Nc6 8. c3
b6 9. e4 Ba6 10. Ne1 dxe4 11. Nxe4 Nxe4 12. Bxe4 Qc7 13. Bf4 e5 14. Bg5 h6 15.
Bd2 Rad8 16. Qa4 Bb7 17. Qb3 Kh7 18. Qc2 f5 19. Bg2 Rd7 20. f4 Qd8 21. Be3 Qa8
22. a4 exf4 23. gxf4 Re8 24. Bf2 Rde7 25. Rd1 Re6 26. h4 Ne7 27. Bxb7 Qxb7 28.
Ng2 Nd5 29. Rfe1 Nf6 30. Rxe6 Rxe6 31. Re1 Rxe1+ 32. Nxe1 Ng4 33. Bg3 Qe7 34.
Qd2 Qe8 35. Qc2 Qe3+ 36. Kg2 Qxe1 0-1

[Event "Benidorm - Aficionados sub-2300 2014"]
[Site "Benidorm ESP"]
[Date "2014.12.06"]
[Round "9.37"]
[White "Almonti, Alessandro"]
[Black "Padilla, Hugo"]
[Result "0-1"]
[WhiteElo "2034"]
[BlackElo "2189"]
[PlyCount "60"]
[EventDate "2014.11.28"]
[EventType "swiss"]
[EventRounds "10"]
[EventCountry "ESP"]
[SourceTitle "Ajedrez en Madrid"]
[Source "lmi"]
[SourceDate "2014.11.28"]

1. d4 Nf6 2. Nc3 c5 3. d5 e5 4. e4 d6 5. g3 Be7 6. Bg2 O-O 7. Nge2 Na6 8. O-O
Nc7 9. h3 b5 10. f4 b4 11. Nb1 Nd7 12. Nd2 a5 13. a4 Ba6 14. c4 bxc3 15. bxc3
exf4 16. gxf4 Bf6 17. Rf3 Rb8 18. Ng3 g6 19. Bf1 Bxf1 20. Qxf1 Nb6 21. Ra3 Qd7
22. e5 dxe5 23. Nde4 Bg7 24. c4 f5 25. Nxc5 Qe7 26. Nb3 Qb4 27. d6 Na6 28. fxe5
Nxc4 29. Qd3 Nxe5 30. Qd5+ Kh8 0-1

[Event "Benidorm - Aficionados sub-2300 2014"]
[Site "Benidorm ESP"]
[Date "2014.12.06"]
[Round "9.52"]
[White "Garcia Gata, Jorge D"]
[Black "Viñals Rioja, Jaume"]
[Result "1/2-1/2"]
[WhiteElo "2046"]
[BlackElo "2008"]
[PlyCount "63"]
[EventDate "2014.11.28"]
[EventType "swiss"]
[EventRounds "10"]
[EventCountry "ESP"]
[SourceTitle "Ajedrez en Madrid"]
[Source "lmi"]
[SourceDate "2014.11.28"]

1. d4 d5 2. Nf3 Nf6 3. c4 e6 4. Nc3 Be7 5. Bg5 h6 6. Bh4 O-O 7. e3 b6 8. cxd5
Nxd5 9. Nxd5 Bxh4 10. Nxh4 exd5 11. Nf3 c5 12. Bd3 c4 13. Bc2 Nc6 14. Rc1 b5
15. O-O Bg4 16. h3 Bh5 17. g4 Bg6 18. Bxg6 fxg6 19. Ne5 Qd6 20. f4 g5 21. Nxc6
Qxc6 22. fxg5 Qe6 23. Qe2 hxg5 24. Rxf8+ Rxf8 25. Rf1 Rxf1+ 26. Kxf1 Qe4 27.
Kf2 b4 28. Qf3 Qxf3+ 29. Kxf3 Kf7 30. Ke2 Ke6 31. Kd2 a5 32. a4 1/2-1/2

[Event "Benidorm - Aficionados sub-2300 2014"]
[Site "Benidorm ESP"]
[Date "2014.12.06"]
[Round "9.54"]
[White "Alonso Jimenez, Joan"]
[Black "Varga, Mariano"]
[Result "1-0"]
[WhiteElo "1939"]
[BlackElo "2083"]
[PlyCount "63"]
[EventDate "2014.11.28"]
[EventType "swiss"]
[EventRounds "10"]
[EventCountry "ESP"]
[SourceTitle "Ajedrez en Madrid"]
[Source "lmi"]
[SourceDate "2014.11.28"]

1. e4 c5 2. Nf3 e6 3. d4 cxd4 4. Nxd4 a6 5. c4 Nf6 6. Nc3 Qc7 7. Bd3 b6 8. O-O
Bb7 9. Kh1 d6 10. Bg5 Be7 11. Qe2 h6 12. Be3 Nbd7 13. Rac1 Ne5 14. f4 Nxd3 15.
Qxd3 Rc8 16. b3 O-O 17. Bg1 Rfd8 18. Qe2 Bf8 19. h3 Re8 20. e5 Nd7 21. Bh2 Qd8
22. Qg4 Kh8 23. Nce2 d5 24. f5 dxc4 25. fxe6 fxe6 26. Nxe6 Qe7 27. N2f4 Nxe5
28. Qh5 g5 29. Ng6+ Nxg6 30. Qxg6 Qxe6 31. Rxf8+ Rxf8 32. Qxe6 1-0

[Event "Benidorm - Aficionados sub-2300 2014"]
[Site "Benidorm ESP"]
[Date "2014.12.07"]
[Round "10.1"]
[White "Amdouni, Zoubaier"]
[Black "Tejedor Fuente, Enrique"]
[Result "1/2-1/2"]
[WhiteElo "2291"]
[BlackElo "2288"]
[PlyCount "159"]
[EventDate "2014.11.28"]
[EventType "swiss"]
[EventRounds "10"]
[EventCountry "ESP"]
[SourceTitle "Ajedrez en Madrid"]
[Source "lmi"]
[SourceDate "2014.11.28"]

1. e4 e6 2. d4 d5 3. Nc3 Nf6 4. Bg5 Bb4 5. e5 h6 6. Bd2 Bxc3 7. bxc3 Ne4 8. Qg4
Kf8 9. Qf4 c5 10. Bd3 Nxd2 11. Qxd2 Nc6 12. Nf3 Qa5 13. dxc5 Qxc5 14. O-O Qe7
15. a4 g6 16. a5 Kg7 17. Rfb1 Rb8 18. Qe3 b6 19. axb6 axb6 20. Bb5 Na5 21. Nd4
Bd7 22. Ba6 Ra8 23. Bd3 Rhc8 24. Qf4 Rab8 25. Ba6 Rc5 26. h3 Qg5 27. Qxg5 hxg5
28. Ra2 f6 29. Bb5 Bc8 30. Nf3 Rxc3 31. Bd3 Nc6 32. exf6+ Kxf6 33. Rab2 e5 34.
Nd2 Kf7 35. Rxb6 Rxb6 36. Rxb6 Bf5 37. Nf3 Kf6 38. Bb5 Bd7 39. Ba4 Rc4 40. Bb3
Rc5 41. Kf1 Kf5 42. Rb7 Be8 43. Rc7 Kf6 44. Rc8 Bd7 45. Rc7 Be8 46. Rc8 Bd7 47.
Rc7 Ke6 48. Nxe5 Kxe5 49. Rxd7 Nd4 50. Re7+ Kf6 51. Rd7 Ke6 52. Rg7 Kf6 53. Rd7
Nxb3 54. cxb3 Rb5 55. Rd6+ Ke5 56. Rxg6 Kf5 57. Rd6 Ke4 58. Re6+ Kf5 59. Re3 d4
60. Rg3 Re5 61. Rg4 Rd5 62. Ke2 Rb5 63. Rxd4 Rxb3 64. Rd3 Rb5 65. Kf3 Ra5 66.
Kg3 Ra4 67. Rd5+ Kg6 68. f3 Rb4 69. Re5 Ra4 70. Re4 Ra6 71. h4 gxh4+ 72. Kxh4
Rf6 73. Kg4 Ra6 74. f4 Ra2 75. g3 Ra3 76. Re6+ Kf7 77. f5 Rb3 78. Ra6 Rc3 79.
Kf4 Rb3 80. Ke4 1/2-1/2

[Event "Benidorm - Aficionados sub-2300 2014"]
[Site "Benidorm ESP"]
[Date "2014.12.07"]
[Round "10.2"]
[White "Kultiyasov, Mikhail"]
[Black "Gromovs, Sergejs"]
[Result "1/2-1/2"]
[WhiteElo "2228"]
[BlackElo "2255"]
[PlyCount "145"]
[EventDate "2014.11.28"]
[EventType "swiss"]
[EventRounds "10"]
[EventCountry "ESP"]
[SourceTitle "Ajedrez en Madrid"]
[Source "lmi"]
[SourceDate "2014.11.28"]

1. e4 e5 2. Nf3 Nc6 3. Bb5 a6 4. Ba4 Nf6 5. O-O b5 6. Bb3 Be7 7. Re1 O-O 8. c3
d6 9. h3 Na5 10. Bc2 c5 11. d4 Nc6 12. Be3 Qc7 13. Nbd2 Bb7 14. d5 Nb8 15. a4
Nbd7 16. Qe2 c4 17. Nf1 Nc5 18. Ng3 g6 19. Ra3 Nfd7 20. Rea1 Nb6 21. Nd2 Ncxa4
22. Bxa4 Nxa4 23. Nxc4 f5 24. exf5 Bxd5 25. Nd2 Bf7 26. Bh6 Rfc8 27. fxg6 hxg6
28. Rb1 d5 29. Raa1 Bd6 30. Qg4 Qe7 31. Nf5 Qf6 32. Nxd6 Qxd6 33. Qh4 Nc5 34.
Bg5 Rc6 35. Rd1 Qe6 36. Nf3 Ne4 37. Re1 a5 38. Be3 a4 39. Ng5 Nxg5 40. Bxg5 Rc4
41. Qg3 Re8 42. Re2 Kg7 43. Kh1 Kg8 44. Kh2 Qf5 45. Rae1 e4 46. Be3 a3 47. Bd4
b4 48. b3 Rxc3 49. Bxc3 bxc3 50. Qxc3 Rb8 51. Ra1 Qf4+ 52. Kg1 Qd6 53. Rd2 Qe7
54. Rd4 Be6 55. Rd2 Bf7 56. Rda2 Ra8 57. Qd4 Qd6 58. b4 Qc6 59. Kh2 Qc7+ 60.
Kg1 Ra4 61. Qd2 Qa7 62. Qc1 d4 63. Rxa3 Rxa3 64. Rxa3 Qb7 65. Ra5 Qxb4 66. Rc5
d3 67. Rc8+ Kh7 68. Rd8 Qe7 69. Rd4 Qe5 70. Rd8 Qe7 71. Rd4 Qe5 72. Rd8 Qe7 73.
Rd4 1/2-1/2

[Event "Benidorm - Aficionados sub-2300 2014"]
[Site "Benidorm ESP"]
[Date "2014.12.07"]
[Round "10.3"]
[White "Jordan Martinez, Miguel"]
[Black "Vaarala, Eric"]
[Result "1-0"]
[WhiteElo "2236"]
[BlackElo "2274"]
[PlyCount "135"]
[EventDate "2014.11.28"]
[EventType "swiss"]
[EventRounds "10"]
[EventCountry "ESP"]
[SourceTitle "Ajedrez en Madrid"]
[Source "lmi"]
[SourceDate "2014.11.28"]

1. e4 c5 2. Nf3 e6 3. c3 d5 4. exd5 Qxd5 5. d4 Nf6 6. Be3 cxd4 7. cxd4 Bb4+ 8.
Nc3 O-O 9. a3 Bxc3+ 10. bxc3 Qa5 11. Bd2 Ne4 12. Bd3 Nxd2 13. Qxd2 Bd7 14. O-O
Bc6 15. Qe3 Nd7 16. c4 Bxf3 17. Qxf3 Nf6 18. Qxb7 Rad8 19. Rfd1 Rd7 20. Qb4 Qc7
21. Rd2 Rfd8 22. Rad1 g6 23. Bc2 Qf4 24. Qc3 Ne4 25. Bxe4 Qxe4 26. h3 Qc6 27.
Qb3 Rb7 28. Qa2 Rc7 29. d5 exd5 30. cxd5 Qd6 31. Rd3 Rdc8 32. Qd2 Rc2 33. Qe3
R2c5 34. Qd2 Re8 35. g3 Rc7 36. Qb4 Qxb4 37. axb4 Rb8 38. d6 Rd7 39. Rc1 Rb6
40. Rc8+ Kg7 41. Rc7 Rdxd6 42. Rxd6 Rxd6 43. Rxa7 Rd1+ 44. Kg2 Rb1 45. Rb7 Rb3
46. b5 Kf6 47. Rb8 h5 48. b6 Kf5 49. h4 f6 50. Kf1 Rb2 51. Kg2 Rb3 52. f3 Rb2+
53. Kf1 Rb3 54. Ke2 Rb2+ 55. Kd3 Rb1 56. Kc2 Rb5 57. Kc3 Rb1 58. Kd4 Rb3 59.
Kc4 Rb1 60. Kc5 Rb3 61. Rd8 Rc3+ 62. Kd6 Rd3+ 63. Ke7 Re3+ 64. Kf7 Rxf3 65. b7
Rb3 66. b8=Q Rxb8 67. Rxb8 g5 68. Rb4 1-0

[Event "Benidorm - Aficionados sub-2300 2014"]
[Site "Benidorm ESP"]
[Date "2014.12.07"]
[Round "10.4"]
[White "Olhovik, Andrei"]
[Black "Buenafe Moya, Javier"]
[Result "1/2-1/2"]
[WhiteElo "2270"]
[BlackElo "2256"]
[PlyCount "110"]
[EventDate "2014.11.28"]
[EventType "swiss"]
[EventRounds "10"]
[EventCountry "ESP"]
[SourceTitle "Ajedrez en Madrid"]
[Source "lmi"]
[SourceDate "2014.11.28"]

1. d4 Nf6 2. c4 e6 3. g3 d5 4. Bg2 Be7 5. Nf3 O-O 6. O-O dxc4 7. Qa4 a6 8. Qxc4
b5 9. Qc2 Bb7 10. Bd2 Nc6 11. e3 Nb4 12. Bxb4 Bxb4 13. a3 Bd6 14. Nbd2 Qe7 15.
e4 e5 16. Rfe1 c5 17. dxe5 Bxe5 18. Nxe5 Qxe5 19. Nf3 Qh5 20. Nh4 Rae8 21. f3
c4 22. Nf5 g6 23. Ne3 Qe5 24. Rad1 Rd8 25. Qf2 h5 26. h4 Qe7 27. Nf1 Nd7 28.
Ne3 Nc5 29. Bf1 Na4 30. g4 Qe5 31. gxh5 gxh5 32. Nf5 Bc8 33. f4 Qxb2 34. Qg3+
Kh7 35. Qf3 Bxf5 36. Qxh5+ Kg8 37. Qxf5 Qg7+ 38. Kh1 Qg6 39. Qh3 Kh8 40. Bg2
Rg8 41. Rd5 Rxd5 42. exd5 Nc5 43. Re5 Nd3 44. h5 Qf6 45. Rf5 Qd4 46. Qf3 Nf2+
47. Kh2 Ng4+ 48. Kh3 Qg1 49. Rg5 f5 50. Rxg8+ Kxg8 51. Kh4 Qe1+ 52. Kh3 Nf2+
53. Kh2 Ng4+ 54. Kh3 Nf2+ 55. Kh2 Ng4+ 1/2-1/2